The code of civil procedure (Record no. 14510)

MARC details
000 -LEADER
fixed length control field 00368nam a22001457a 4500
003 - CONTROL NUMBER IDENTIFIER
control field OSt
005 - DATE AND TIME OF LATEST TRANSACTION
control field 20211022163245.0
008 - FIXED-LENGTH DATA ELEMENTS--GENERAL INFORMATION
fixed length control field 211022b |||||||| |||| 00| 0 eng d
040 ## - CATALOGING SOURCE
Original cataloging agency HU
Transcribing agency DDC
082 ## - DEWEY DECIMAL CLASSIFICATION NUMBER
Classification number 347.05/JAI
245 ## - TITLE STATEMENT
Title The code of civil procedure
260 ## - PUBLICATION, DISTRIBUTION, ETC.
Place of publication, distribution, etc. New Delhi
Name of publisher, distributor, etc. Wadhwa and company Nagpur
Date of publication, distribution, etc. 2007
300 ## - PHYSICAL DESCRIPTION
Extent xcv,1367p,22cm
942 ## - ADDED ENTRY ELEMENTS (KOHA)
Source of classification or shelving scheme Dewey Decimal Classification
Koha item type Books like text book referance book
Suppress in OPAC No
Holdings
Withdrawn status Lost status Source of classification or shelving scheme Damaged status Not for loan Home library Current library Shelving location Date acquired Total Checkouts Full call number Barcode Date last seen Copy number Price effective from Koha item type
    Dewey Decimal Classification     Law & Governance lLbrary Law & Governance lLbrary General Stacks 10/22/2021   347.05/JAI LGCLIB0005424 10/22/2021 C1 10/22/2021 Books like text book referance book
    Dewey Decimal Classification     Law & Governance lLbrary Law & Governance lLbrary General Stacks 10/22/2021   347.05/JAI LGCLIB0005423 10/22/2021 C2 10/22/2021 Books like text book referance book
    Dewey Decimal Classification     Law & Governance lLbrary Law & Governance lLbrary General Stacks 10/22/2021   347.05/JAI LGCLIB0005422 10/22/2021 C3 10/22/2021 Books like text book referance book
    Dewey Decimal Classification     Law & Governance lLbrary Law & Governance lLbrary General Stacks 11/08/2021   347.05/JAI LGCLIB0004855 11/08/2021 C5 11/08/2021 Books like text book referance book
    Dewey Decimal Classification     Law & Governance lLbrary Law & Governance lLbrary General Stacks 11/08/2021   340.1/FRE LGCLIB0004580 11/08/2021 C8 11/08/2021 Books like text book referance book
    Dewey Decimal Classification     Law & Governance lLbrary Law & Governance lLbrary General Stacks 11/08/2021   340.1/FRE LGCLIB0004581 11/08/2021 C9 11/08/2021 Books like text book referance book
    Dewey Decimal Classification     Law & Governance lLbrary Natural & Computational Science Library General Stacks 11/08/2021   347.05/JAI LGCLIB0004856 11/08/2021 C4 11/08/2021 Books like text book referance book